Financial support for member countries complements economic policy changes.

Výklad podmienky MMF na poskytovanie finančnej pomoci vyžadujúcej dodržanie určitej hospodárskej politiky v krajine vo väzbe na hospodársku bilanciu. Výklad smerníc z roku 1979 upravujúcich aplikáciu tejto podmienky. Priebeh sledovania a uplatňovania podmienky v praxi. Zhodnotenie alternatívnych sme...

Ausführliche Beschreibung

Gespeichert in:
Bibliographische Detailangaben
Format: Buchkapitel
Sprache:Englisch
Schlagworte:
Tags: Tag hinzufügen
Keine Tags, Fügen Sie das erste Tag hinzu!

MARC

LEADER 00000naa a2200000 4500
001 r011096
005 20220913122320.9
041 0 |a eng 
044 |a US 
245 1 0 |a Financial support for member countries complements economic policy changes. 
520 |a Výklad podmienky MMF na poskytovanie finančnej pomoci vyžadujúcej dodržanie určitej hospodárskej politiky v krajine vo väzbe na hospodársku bilanciu. Výklad smerníc z roku 1979 upravujúcich aplikáciu tejto podmienky. Priebeh sledovania a uplatňovania podmienky v praxi. Zhodnotenie alternatívnych smerov reforiem hospodárskej politiky z hľadiska pôsobenia podmienky. 
610 2 0 |a Medzinárodný menový fond 
610 2 0 |a IBRD 
610 2 0 |a pomoc finančná 
610 2 0 |a politika hospodárska 
610 2 0 |a smernice 
610 2 0 |a 1979 
610 2 0 |a 1991 
610 2 0 |a bilancia platobná 
610 2 0 |a reformy hospodárske